000 00483nam a2200193Ia 4500
999 _c2868
_d2868
008 190719s9999||||xx |||||||||||||| ||und||
020 _a9788131215418
020 _c450
082 _a623.87236
_bW553
100 _aWharton, A. J
245 0 _aDiesel engines /
_cby A.J. Wharton.
250 _a3rd ed.
260 _aOxford:
_bButterworth-Heinnemann,
_c1975.
300 _aviii,130p.
300 _bpbk
650 _aMarine diesel motors
650 _aMarine engines
942 _cBK